| 000 | 00853nam a2200253 a 4500 | ||
|---|---|---|---|
| 001 | 51979 | ||
| 003 | BD-RjUL | ||
| 005 | 20211209075734.0 | ||
| 008 | 160905r1963 enka 000 0 eng | ||
| 035 | _a(BD-RjUL) 52099 | ||
| 035 | _a(OCoLC)285189 | ||
| 040 |
_aDLC _cOYU _dOCoLC _dUk _dBD-RjUL _beng |
||
| 041 | _aeng | ||
| 082 |
_a330.962 _223 _bISE 1965 |
||
| 099 | _a | ||
| 100 | 1 |
_aIssawi, Charles Philip. _9155444 |
|
| 245 | 1 | 0 |
_aEgypt in revolution : _ban economic analysis / |
| 260 |
_aLondon ; _aNew York : _bOxford University Press, _c1963.(reprinted 1965) |
||
| 300 |
_axiv, 343 p. : _btables. ; _c23 cm. |
||
| 500 | _a"Issued under the auspices of the Royal Institute of International Affairs." | ||
| 500 | _a"Select UAR official periodical publications": p. 333-336. | ||
| 651 | 0 |
_aEgypt _xEconomic conditions. _9141719 |
|
| 942 |
_2ddc _cBK |
||
| 999 |
_c51979 _d51979 |
||